Biggest cities between each 45° of latitude and longitude - Statistics

General Stats
  • This quiz has been taken 74 times
  • The average score is 21 of 26
Answers on the Map
Answers color-coded by a green-red scale on the quiz's map according to % correct below.
 
Answer Stats
Answer % Correct
Mexico CityLos Angeles Dallas
100%
LondonBirmingham Manchester
99%
MoscowParis St Petersburg
99%
New YorkBogotá Chicago
99%
AbidjanMadrid Accra
97%
GuangzhouShanghai Manila
97%
TokyoOsaka Nagoya
97%
CairoLagos Istanbul
96%
DelhiMumbai Karachi
96%
São PauloBuenos Aires Lima
96%
SeattleVancouver Portland
96%
KinshasaJohannesburg Luanda
94%
MelbourneSydney Brisbane
94%
Rio de JaneiroBelo Horizonte Recife
94%
JakartaBandung Surabaya
93%
MontrealOttawa Quebec
93%
AnchorageFairbanks Wasilla
88%
AntananarivoToamasina Antsirabe
76%
HarbinDaqing Ulaanbaatar
76%
HonoluluKailua Kahului
76%
NovosibirskYekaterinburg Kazan
75%
PapeeteApia Nuku'alofa
59%
ComodoroPunta Arenas Río Gallegos
49%
DunedinInvercargill Queenstown
43%
KhabarovskKomsomolsk Yuzhno-Sakhalinsk
28%
Puerto AyoraHanga Roa Puerto Villamil
21%
No matching quizzes found
Score Distribution
Percent of People with Each Score
Percentile by Number Answered
Your Score History
You have not taken this quiz